000 00407nam a22001573u 4500
003 OSt
008 200316s1877 nyu 000 0 eng
041 _aeng
100 1 _aDumas, Alexandre,
_95383
245 1 4 _aThe Queen's necklace,
260 _aNew York,
_bGeorge Munro Publisher,
_c1877.
300 _a43 [1] p.
490 0 _aSeaside library, vol. IX., No. 167
500 _aCaption title.
942 _cBK
999 _c18001
_d18001